| 000 | 01070nam a2200301 i 4500 | ||
|---|---|---|---|
| 001 | bg | ||
| 946 | _c57,67 | ||
| 245 | 0 | 0 |
_aOpakowania : _bgotowe szablony, projekty trójwymiarowe, techniki składania / _c[projekty zebrał Luke Herriott ; tł. Piotr Kornobis]. |
| 246 | 1 |
_iTyt. oryg: _aPackaging and design templates sourcebook |
|
| 260 |
_aWarszawa : _bWydawnictwo Naukowe PWN, _ccop. 2007. |
||
| 300 |
_a304 s. : _bil. kolor. ; _c23 cm + _edysk optyczny (CD-ROM). |
||
| 500 | _aTyt. oryg.: Packaging and design templates sourcebook. Szablony na płycie CD. | ||
| 504 | _aIndeks. | ||
| 650 | 9 |
_aOpakowania _xprojekty |
|
| 655 | _aPoradniki | ||
| 700 | 1 |
_aHerriott, Luke. _eOprac. |
|
| 700 | 1 |
_aKornobis, Piotr. _eTł. |
|
| 015 | _aPB 10985/2008 | ||
| 020 | _a9788301152550 | ||
| 020 | _a9788301152550 | ||
| 040 | _cBPK | ||
| 041 | 1 |
_apol _heng |
|
| 044 | _aPOL | ||
| 080 | _a621.798(083.1) | ||
| 920 | _a978-83-01-15255-0 | ||
| 942 | _cKA | ||
| 008 | s pl f |000 0 pol | ||
| 999 |
_c49153 _d49153 |
||
| 856 |
_uhttp://koha.tu.koszalin.pl/cgi-bin/koha/opac-detail.pl?biblionumber=49153 _yKatalog online BPK |
||